| 000 | 00840nam a2200193 a 4500 | ||
|---|---|---|---|
| 001 | 000017656 | ||
| 005 | 20200929165202.0 | ||
| 008 | 100329s1983 dr 000 0 spa d | ||
| 040 |
_aDO-SdBNP _bspa _cBNPHU |
||
| 082 |
_a330.917193 _bA345h |
||
| 100 | 1 |
_aAlburquerque Ramírez, Ramón _936283 |
|
| 245 | 1 | 0 |
_aHacia una economía renovada / _cRamón Alburquerque Ramírez. |
| 260 |
_aSanto Domingo : _bSecretariado Técnico de la Presidencia, _c1983. |
||
| 300 |
_a20 p. : ; _c21 cm. |
||
| 500 | _aTexto de la disertación pronunciada por el Ing. Ramón Alburquerque Ramírez Secretario Técnico de la Presidencia en el almuerzo mensual de la Cámara Américana de Comercio. -- En portada | ||
| 590 | _aInventariado, 2018/ YL | ||
| 651 | 4 |
_aRepública Dominicana _xPolítica Económica _9643 |
|
| 910 | _aValidado. Control de calidad MMOLINA | ||
| 999 |
_c17181 _d17181 |
||